01623nam a22002897a 4500999001700000003000900017008004100026040007100067082002400138110005600162245009500218260004600313300002900359440006700388505041400455650003500869650003400904650003200938650002900970650003300999700003801032700003701070942001201107945000801119952010101127952010501228 c22000d22000AR-CdUCM190425b ||||| |||| 00| 0 spa d aMUNICIPALIDAD PROVINCIAL DEL CUSCOcBIBLIOTECA MUNICIPAL DEL CUSCO aHist.Ecle/N°1/1989 aInstituto Peruano de Historia Eclesiástica947113 aRevista peruana de Historia Eclesiástica /cInstituto Peruano de Historia Eclesiástica aLima.bServicio copias Gráficas,c1989. a235 páginas. :c22 cm. aRevista peruana de Historia Eclesiástica.nN°1,1989.947114 aContenido: Los seminarios y colegios en el Virreinato. -- Seminario de Santo Toribio de Lima. Guillermo Lohman Villena. -- Seminario de San Antonio Abad del Cuzco. Horacio Villanueva Urteaga. -- Seminario de San Jerónimo de Arequipa. -- Seminario de San Carlos y San Marcelo de Trujillo. -- Seminario de San Cristóbal de Huamanga. -- Colegio de San Bernardo de Cusco. -- Colegio de San Pedro de Nolasco... aHistoria eclesiástica942856 aMonumento históricos947115 aEducación colonial925888 aHistoria del Cusco91714 aReligión católica947116 aVillanueva Urteaga, Horacio95790 aLohman Villena, Guillermo947117 2ddccPP arac 002ddc4070aHEMbHEMcCARTd2022-02-03g10.00oHist.Ecle/N°1/1989pREVC000523r2022-02-03yPP 002ddc4070aHEMbHEMcCARTd2022-02-03g10.00oHist.Ecle/N°1/1989/e.2pREVC000524r2022-02-03yPP